| 000 | 00621cam a2200217 4500 | ||
|---|---|---|---|
| 008 | 090401t1985 xxu||||| |||| 00| 0 eng d | ||
| 020 | _a0003830241 | ||
| 035 | _a(Sirsi) u25825 | ||
| 041 | _aeng | ||
| 050 | _a692.8 | ||
| 100 | _aJones, Neil F. | ||
| 245 | 2 | _aA commentary on the JCT Intermediate Form of Building Contract | |
| 260 |
_aLondon _bCollins _c1985 |
||
| 300 | _aviii,351p. ; 24cm. | ||
| 350 | _a19.95 | ||
| 650 | _aBUILT ENVIRONMENT-BUILDING CONTRACT FORMS | ||
| 650 | _aJCT INTERMEDIATE FORM OF BUILDING CONTRACT (1984 EDITION) | ||
| 700 | _aBergman, David | ||
| 942 | _n0 | ||
| 948 | _c04/03/1997 | ||
| 999 |
_c88806 _d88806 |
||